Quizzes
Events
Quiz Creation
Community
Videos
Private Events
Remove Ads
Sign In
Join for FREE
Feedback
Dark Mode
Quiz Categories
Sports
Geography
Music
Movies
Television
Just For Fun
Miscellaneous
History
Literature
Language
Science
Gaming
Entertainment
Religion
Holiday
For Kids
Quiz Lab
Recent
Popular Today
Quiz Kudos Today
Editor Picks
Curator Picks
Quizzes by...
Day
Popularity
Type
Ratings
Length
Year
Community
Subscriptions
Recent Discussions
Orange Saloon
Badges
Playlists
Quests
Create
Leaderboards
Showdown
Live 5
Trivia Bingo
Activity
Puzzle Library
Sporcle Events
Private Events
Virtual Trivia
Globe League
Become a Host
Pub Owners
SporcleCon
Opinionation
Our Games
Videos
Blog
Mobile Apps
Partnerships
Remove Ads and Go Orange
Feedback
Sports
Athletes
MLB
NBA
NHL
NFL
Soccer
Sports Teams
WWE
NCAA
Football
Premier League
Basketball
Baseball
Hockey
Golf
Tennis
Cricket
Rugby
Auto Racing
Olympics
World Cup
Sports
Athletes
MLB
NBA
NHL
NFL
Soccer
Sports Teams
WWE
NCAA
Football
Premier League
Basketball
Baseball
Hockey
Golf
Tennis
Cricket
Rugby
Auto Racing
Olympics
World Cup
Random Quiz
Search Sporcle
×
Quiz Lab
Quiz Lab
Sports
Premier League
Type in answers that appear in a list
Type in answers that appear in a list
Classic
Best Score? Go Orange.
Norwich City squad 2015-16 Stats
Can you name the Norwich City squad 2015-16?
By
Ross_Crawford
10m
25 Questions
58 Plays
58 Plays
58 Plays
Comments
Comments
Give Quiz Kudos
Give Quiz Kudos
-
- Ratings
hide this ad
Replay
Link that replays current quiz
Next Quiz
Link to next quiz in quiz playlist
You Got
0%
They Got
Avg Score
69%
Avg Friend Score
Upgrade to see
Score Distribution
Jump to the score distribution portion of the page
Score
0/25
Timer
10:00
0
Plays Today
Country
Player
% Correct
Ireland
Wes Hoolahan
96.6%
Scotland
Russell Martin
94.8%
England
John Ruddy
91.4%
England
Declan Rudd
91.4%
Cameroon
Sebastien Bassong
89.7%
Norway
Alexander Tettey
86.2%
England
Cameron Jerome
84.5%
Scotland
Steven Whittaker
82.8%
Sweden
Martin Olsson
82.8%
Switzerland
Timm Klose
81%
CR Congo
Dieumerci Mbokani
79.3%
Portugal
Ivo Pinto
79.3%
Scotland
Steven Naismith
74.1%
Country
Player
% Correct
England
Jonny Howson
74.1%
Ireland
Robbie Brady
74.1%
CR Congo
Youssouf Mulumbu
72.4%
England
Nathan Redmond
67.2%
Scotland
Graham Dorrans
65.5%
England
Matt Jarvis
53.4%
England
Ryan Bennett
51.7%
France
Anthony Andreu
41.4%
England
Gary O'Neil
36.2%
Belgium
Vadis Odjidja-Ofoe
36.2%
England
Andre Wisdom
32.8%
England
Patrick Bamford
24.1%
Quiz Playlist
Details
Report
Send in Message
Add To Playlist
Classic:
Type in answers that appear in a list
Last Updated: Apr 17, 2017
Quiz Scoreboard
CHALLENGE
Sign Up to Join the Scoreboard
Show All
Scores
Hide
Comments
May contain spoilers
Recently Published
NBA Finals Game Top Scorers (2010s)
by flibbidy
Sports
5m
Guess the 'R' Things in 3 Words
by MSUKent
Miscellaneous
3m
Actor to Badly Drawn Movie III
by MoMosMoProblems
Movies
5m
More to Explore
Quiz From the Vault
Featured Blog Post
Where Does Lost Luggage Go?
hide this ad
You Might Also Like...
Tags
Football Quiz
Premier League Quiz
English Soccer
Norwich City
Today's Top Quizzes in Sports
Browse Sports
hide this ad
Today's Top Quizzes in Premier League
Browse Premier League
Top Contributed Quizzes in Sports
1
Les joueurs à 100 buts en Ligue 1 Uber Eats
2
2022 World Cup Stars
3
2024 March Madness Bracket
4
Millionaire: NBA Finals Edition
5
Players with Multiple 50 Home Run Seasons
6
Nickname Match: Athletes VI
7
Criteria MLB: Left Handed Sluggers
8
Iconic Moments in Football - Multiple Choice
9
NFL MVPs ordered
10
First NBA MVP by Team
Explore More
Trending Topics
NBA
Harry Potter
Kpop
Crossword
Marvel
Disney
Anime
NFL
WWE
Pokémon
Country
Song
Puzzle
The Office
Soccer
hide this ad
More By:
Ross_Crawford
Quiz
Plays
Rating
Category
Featured
Created
Top 30 Ashes Run Scorers of All Time
939
5.00
Sports
Nov 20, 2017
Top 50 Goal Scorers for England
931
5.00
Sports
Apr 6, 2018
EPL Top Goal Scorers 2016-17
517
5.00
Sports
Sep 7, 2017
2018 FIFA World Cup Teams
381
5.00
Sports
Nov 21, 2017
Most UK #1 singles by artists
328
4.00
Music
Dec 3, 2018
Go to Creator's Profile
Score Distribution
Quiz Creator Spotlight
Ross_Crawford
Follow
Send a Message
Quizzes Created
-
Created Quiz Play Count
-
More By This Creator
Popular Quizzes Today
1
Find the US States - No Outlines Minefield
2
Find the US States
3
The Countries of the World
4
10 Largest US States in Order
5
Find the Countries of Europe - No Outlines Minefield
6
US States
7
Guess the 'R' Things in 3 Words
8
NBA Finals Game Top Scorers (2010s)
More Sports Quizzes
Zlatan Ibrahimović's Winning XI's against former Teams
Quiz Lab
Trending Quizzes
First Name TV: Leading Men
Match the Book to the Film II
First Name TV: Leading Women Drama
3-Word Movies in 1 Word II
Match the Book to the Film VI
Recently Updated
Women's Final Four Teams by Year
bhenderson79
Presidents Quartet II
eogle
Anything But Clue(do)
eogle
Anything But Oceanian Capitals
eogle
Anything But 7
eogle
Anything But Thing
eogle
Word Ladder: February 29
pecheneg
Song Title Questions
pecheneg
Women's NCAA Tournament #1 Seeds
pecheneg
Celebrity Mug Shots
pecheneg
Trending Topics
NBA
Crossword
Anime
Kpop
Marvel
Disney
Harry Potter
Soccer
WWE
Country
Pokémon
NFL
Puzzle
The Office
Song
Your Account Isn't Verified!
In order to create a playlist on Sporcle, you need to verify the email address you used during registration. Go to your
Sporcle Settings
to finish the process.
Report this User
Report this user for behavior that violates our
Community Guidelines
.
Details:
Send Report
Go to the Sporcle.com Mobile Site →
Comments